| 000 | 01088 a2200241 4500 | ||
|---|---|---|---|
| 005 | 20080912120618.0 | ||
| 008 | 080912t xxu||||| |||| 00| 0 hin d | ||
| 010 | _aHIN-79852 | ||
| 020 |
_c200.00 _a8188377066 |
||
| 035 | _aHN-52198 | ||
| 037 | _bD.B.Act / pub | ||
| 082 | _aउ | ||
| 100 | _aतिवारी, प्रहलाद | ||
| 245 |
_aपरिसर _cप्रहलाद तिवारी |
||
| 246 |
_aParisar _bPrahlad Tiwari |
||
| 260 |
_aदिल्ली _bऐरो पब्लिशर्स एंड डिस्ट्रीब्यूटर्स _c2006 |
||
| 270 |
_a79, चन्दु पार्क, गली नं.-20 _bदिल्ली _c110051 |
||
| 300 |
_a208पृ. _c22 सेमी (सजिल्द) |
||
| 650 | _aहिन्दी उपन्यास | ||
| 650 | _aHindi Novel | ||
| 942 |
_adpl _cHN _kउ / तिवारी _2ddc _hउ _mतिवारी |
||
| 999 |
_c3863 _d3863 |
||